000 00521nam a2200181Ia 4500
005 20250508154741.0
008 008 250505s9999 xx 000 0 eng d
037 _aTextual
040 _aFEDL
_beng
_cFEDL
041 _aeng
_2eng
084 _a330.7, NAT
_qFEDL
245 0 _aEconomic education in the schools
245 2 _cA Report of the National Task Force in Economic Education September 1961
300 _a78p.
650 _aEconomics
942 _cTEXL
_h330.7, NAT
999 _c1351957
_d1351957